|
|
|
|
| LEADER |
00743cam a22002294a 4500 |
| 020 |
|
|
|a 1403971838
|
| 020 |
|
|
|a 1403971846 (pbk.)
|
| 082 |
0 |
0 |
|a 327
|b RUS/P
|
| 100 |
1 |
|
|a Russett, Bruce M.
|
| 245 |
1 |
0 |
|a Purpose and policy in the global community / Bruce Russett.
|
| 250 |
|
|
|a 1st ed.
|
| 260 |
|
|
|a New York :
|b Palgrave Macmillan,
|c 2006.
|
| 300 |
|
|
|a vi, 320 p. :
|
| 490 |
1 |
|
|a Advances in foreign policy analysis
|
| 650 |
|
0 |
|a International relations.
|
| 650 |
|
0 |
|a Social justice.
|
| 650 |
|
0 |
|a Poverty.
|
| 650 |
|
0 |
|a Equality.
|
| 650 |
|
0 |
|a Deterrence (Strategy)
|
| 942 |
|
|
|c BK
|
| 999 |
|
|
|c 99701
|d 99701
|
| 952 |
|
|
|0 0
|1 0
|4 0
|6 327_000000000000000_RUS_P
|7 0
|9 92961
|a SSS
|b SSS
|c GEN
|d 2012-02-23
|g 1805.10
|l 0
|o 327 RUS/P
|p SSS05923
|r 2012-02-23
|w 2012-02-23
|y BK
|